Witchcraft and sorcery in Rhodesia (Record no. 37811)
[ view plain ]
| 000 -LEADER | |
|---|---|
| fixed length control field | 00430nam a2200193Ia 4500 |
| 003 - CONTROL NUMBER IDENTIFIER | |
| control field | 0100 |
| 005 - DATE AND TIME OF LATEST TRANSACTION | |
| control field | 20190110113315.0 |
| 008 - FIXED-LENGTH DATA ELEMENTS--GENERAL INFORMATION | |
| fixed length control field | 130303s9999 xx 000 0 und d |
| 040 ## - CATALOGING SOURCE | |
| Transcribing agency | ARRUPELIB |
| 050 ## - LIBRARY OF CONGRESS CALL NUMBER | |
| Classification number | GN475.8.C75 1967 |
| 300 ## - PHYSICAL DESCRIPTION | |
| Dimensions | 23cm. |
| 100 ## - MAIN ENTRY--PERSONAL NAME | |
| Personal name | Crawford, J. R |
| 9 (RLIN) | 43955 |
| 245 ## - TITLE STATEMENT | |
| Title | Witchcraft and sorcery in Rhodesia |
| Statement of responsibility, etc | J.R. Crawford |
| 260 ## - PUBLICATION, DISTRIBUTION, ETC. (IMPRINT) | |
| Place of publication, distribution, etc | London |
| Name of publisher, distributor, etc | Oxford University Press |
| Date of publication, distribution, etc | 1967 |
| 300 ## - PHYSICAL DESCRIPTION | |
| Extent | xi, 312p. ; |
| 650 ## - SUBJECT ADDED ENTRY--TOPICAL TERM | |
| Topical term or geographic name as entry element | Witchcraft |
| Geographic subdivision | Rhodesia |
| 9 (RLIN) | 43956 |
| 700 ## - ADDED ENTRY--PERSONAL NAME | |
| Personal name | J. R. Crawford |
| 9 (RLIN) | 43957 |
| 942 00 - ADDED ENTRY ELEMENTS (KOHA) | |
| Koha issues (borrowed), all copies | 2 |
| Source of classification or shelving scheme | Library of Congress Classification |
| Koha item type | Monograph ( Printed materials) |
| Withdrawn status | Lost status | Source of classification or shelving scheme | Damaged status | Not for loan | Collection code | Home library | Current library | Shelving location | Date acquired | Total Checkouts | Full call number | Barcode | Date last seen | Date checked out | Copy number | Price effective from | Koha item type |
|---|---|---|---|---|---|---|---|---|---|---|---|---|---|---|---|---|---|
| Library of Congress Classification | Main Collection | ARRUPE LIBRARY | ARRUPE LIBRARY | 04/03/2013 | 2 | GN475.8.C75 1967 | 46003042813 | 09/04/2018 | 01/04/2015 | 1 | 04/03/2013 | Monograph ( Printed materials) | |||||
| Library of Congress Classification | SPECIAL Collection | ARRUPE LIBRARY | ARRUPE LIBRARY | REFERENCE | 10/01/2019 | SPC. GN475.8.C75 1967 | 46600002796 | 05/08/2019 | 10/01/2019 | Monograph ( Printed materials) |